Influence of mentorship on development of leadership skills among young future leaders in Ondo State, Nigeria / (Record no. 25300)
[ view plain ]
| 000 -LEADER | |
|---|---|
| fixed length control field | 00609nam a22001937a 4500 |
| 003 - CONTROL NUMBER IDENTIFIER | |
| control field | AUA.1 |
| 005 - DATE AND TIME OF LATEST TRANSACTION | |
| control field | 20260206115559.0 |
| 008 - FIXED-LENGTH DATA ELEMENTS--GENERAL INFORMATION | |
| fixed length control field | 260206b |||||||| |||| 00| 0 eng d |
| 040 ## - CATALOGING SOURCE | |
| Transcribing agency | JTL |
| 100 ## - MAIN ENTRY--PERSONAL NAME | |
| Personal name | Ajayi, Ayodeji |
| 245 ## - TITLE STATEMENT | |
| Title | Influence of mentorship on development of leadership skills among young future leaders in Ondo State, Nigeria / |
| Statement of responsibility, etc | Ayodeji Ajayi. |
| 260 ## - PUBLICATION, DISTRIBUTION, ETC. (IMPRINT) | |
| Date of publication, distribution, etc | c2025. |
| 300 ## - PHYSICAL DESCRIPTION | |
| Extent | xiii, 181 leaves : |
| Other physical details | illustrations; |
| Dimensions | 30 cm. |
| 650 ## - SUBJECT ADDED ENTRY--TOPICAL TERM | |
| Topical term or geographic name as entry element | Mentoring |
| 650 ## - SUBJECT ADDED ENTRY--TOPICAL TERM | |
| Topical term or geographic name as entry element | Leadership |
| 650 ## - SUBJECT ADDED ENTRY--TOPICAL TERM | |
| Topical term or geographic name as entry element | Youth |
| 651 ## - SUBJECT ADDED ENTRY--GEOGRAPHIC NAME | |
| Geographic name | Ondo State, Nigeria |
| 942 ## - ADDED ENTRY ELEMENTS (KOHA) | |
| Source of classification or shelving scheme | AUA Inhouse Classification |
| Koha item type | Dissertations |
| Classification part | PhD Lead |
| Item part | .A53 2025 |
| Withdrawn status | Lost status | Source of classification or shelving scheme | Damaged status | Not for loan | Collection code | Home library | Current library | Shelving location | Date acquired | Source of acquisition | Cost, normal purchase price | Serial Enumeration / chronology | Total Checkouts | Full call number | Barcode | Date last seen | Cost, replacement price | Price effective from | Koha item type |
|---|---|---|---|---|---|---|---|---|---|---|---|---|---|---|---|---|---|---|---|
| AUA Inhouse Classification | JTL Research Collection | Judith Thomas Library | Judith Thomas Library | Judith Thomas Library Research Section | 06/02/2026 | School of Postgraduate Studies | 25.00 | AUA28052 | PhD Lead .A53 2025 | AUA28052 | 06/02/2026 | 25.00 | 06/02/2026 | Dissertations |